00242pam a2200109 a 4500020000500000041000500005082001300010100001300023245005300036260003000089300001300119 c h a411bROM aRoman, S aWriting Excel Macros With VbahTextual Documents aUsabOreilly Bejingc2002 aXVII/549